The developer's guide to Brownfield (Record no. 76631)
[ view plain ]
| 000 -LEADER | |
|---|---|
| fixed length control field | 00797cab a22001815a 4500 |
| 001 - CONTROL NUMBER | |
| control field | ##L132788 |
| 008 - FIXED-LENGTH DATA ELEMENTS--GENERAL INFORMATION | |
| fixed length control field | 060308s2006 xxk f 000 0 eng d |
| 035 ## - SYSTEM CONTROL NUMBER | |
| System control number | (Sirsi) u132788 |
| 041 0# - LANGUAGE CODE | |
| Language code of text/sound track or separate title | eng |
| 245 04 - TITLE STATEMENT | |
| Title | The developer's guide to Brownfield |
| Remainder of title | profits of brownfield development in the UK |
| 260 ## - PUBLICATION, DISTRIBUTION, ETC. | |
| Date of publication, distribution, etc. | 2006 |
| 490 #0 - SERIES STATEMENT | |
| Series statement | Property Forecast |
| Volume/sequential designation | Supplement: Brownfield Briefing 9(2) February 2006 (24) |
| 520 ## - SUMMARY, ETC. | |
| Summary, etc. | Guide to avoiding legal and financial pitfalls on contaminated land and brownfield issues. This includes the prevention of costly court damages, loss of asset values, remediation cost overruns and missing out on tax relief and grants. |
| 590 ## - LOCAL NOTE (RLIN) | |
| Local note | IKA140306, KA |
| 651 #4 - SUBJECT ADDED ENTRY--GEOGRAPHIC NAME | |
| Geographic name | United Kingdom |
| Chronological subdivision | |
| 690 ## - LOCAL SUBJECT ADDED ENTRY--TOPICAL TERM (OCLC, RLIN) | |
| Topical term or geographic name as entry element | PROPERTY-RURAL AND NATURAL ASSETS-LAND-CONTAMINATED LAND |
| 942 ## - ADDED ENTRY ELEMENTS (KOHA) | |
| Suppress in OPAC | 0 |
| Withdrawn status | Lost status | Source of classification or shelving scheme | Damaged status | Not for loan | Home library | Current library | Shelving location | Date acquired | Total Checkouts | Full call number | Barcode | Date last seen | Date last checked out | Copy number | Price effective from | Koha item type |
|---|---|---|---|---|---|---|---|---|---|---|---|---|---|---|---|---|
| Dewey Decimal Classification | London | London | Journal article | 08/03/2006 | 3 | L132788 | 30073784 | 06/08/2019 | 10/07/2006 | 1 | 06/08/2019 | Book |